000 00748nam a22002417a 4500
003 dpl
005 20180803164014.0
008 180803b xxu||||| |||| 00| 0 eng d
010 _aA-901607
020 _c00.00
035 _aA-901607, A-901611
037 _bCen Lib/Ret
040 _aDPL
_bEN
_c0
082 _a331.4
_bGOT
245 _aStruggles of woman at work /
_cedited by Sujata Gothoskar
260 _aNew Delhi
_bVikas Publishing House
_c1992
270 _a576 Masjid Road, Janpura
_bNew Delhi
_e110014
300 _axix,205p.
_c21cm(Hb)
650 _aInformalism in gender setting
_913450
650 _aWomen's work and struggles
_913451
700 _aGothoskar, Sujata
_913452
942 _2ddc
_cEN
_h331.4
_mGOT
999 _c125234
_d125234